| 000 | 00563nam a2200217 a 4500 | ||
|---|---|---|---|
| 001 | 12118 | ||
| 003 | CO-ViMGA | ||
| 008 | 141112s2004 ck r 000 u spa d | ||
| 020 | _a8423918165 | ||
| 040 |
_aCO-ViMGA _bspa _cCO-ViMGA |
||
| 082 | 0 | 4 | _a575.8 D17o |
| 100 | 1 | _aDarwin, Charles | |
| 245 | 1 | 0 | _aEl Origen de las Especies |
| 260 |
_aMadrid, _cEspasa Calpe, _c1988 |
||
| 300 | _a632 p. | ||
| 490 | _aColección Austral | ||
| 650 | 1 | 4 |
_aEVOLUCION _94689 |
| 650 | 1 | 4 |
_aORIGEN DE LAS ESPECIES _917168 |
| 650 | 1 | 4 |
_aORIGEN DEL HOMBRE _917169 |
| 942 |
_2ddc _cBK |
||
| 999 |
_c23158 _d23158 |
||